| 000 | 00630nam a2200133 4500 | ||
|---|---|---|---|
| 008 | 02007 2007 0a 000 0Mex | ||
| 050 | _aHD30.4 M6 R5 2007 | ||
| 082 | _a658.311 R5e | ||
| 100 | _aRivera Ramirez, Nora | ||
| 245 | _aEl perfil del administrador ante las nuevas tendencias de la administracion de los recursos humanos / Nora Rivera Nora | ||
| 300 | _a48 p. / 29 cm. | ||
| 502 | _aEl perfil del administrador ante las nuevas tendencias de la administracion de los recursos humanos ITZ (Lic. Admon) CC. MM. Moises Oracio Villanueva Garcia | ||
| 650 | _a1. PERFIL DEL ADMINISTRADOR 2. TENDENCIAS DELA ADMINISTRACION | ||
| 999 |
_c20031 _d20031 |
||